| 000 | 01045aam a2200325 4500 | ||
|---|---|---|---|
| 005 | 20161028161958.0 | ||
| 008 | 150717b xxu||||| |||| 00| 0 spa d | ||
| 041 | _aEspañol | ||
| 082 | _a658.15 M938a | ||
| 100 |
_aMoyer,R Charles _914737 |
||
| 245 | _aAdministración financiera contemporánea | ||
| 260 |
_aMéxico _bThompson _c2005 |
||
| 300 | _a819 páginas | ||
| 650 |
_aADMINISTRACIÓN FINANCIERA _927 |
||
| 650 |
_aMERCADO FINANCIERO _912317 |
||
| 650 |
_aEVALUACIÓN DEL DESEMPEÑO FINANCIERO _914738 |
||
| 650 |
_aVALOR DEL DINERO _914739 |
||
| 650 |
_aANALISIS DE RIESGO _9819 |
||
| 650 |
_aANÁLISIS DE RENDIMIENTO _914740 |
||
| 650 |
_aVALOR DE RENTA FIJA _914741 |
||
| 650 |
_aINVERSIÓN DE CAPITAL _914742 |
||
| 650 |
_aPRESUPUESTOS DE CAPITAL _914743 |
||
| 650 |
_aCOSTO DE CAPITAL _929620 |
||
| 650 |
_aPOLITICA DE DIVIDENDOS _914745 |
||
| 650 |
_aESTRUCTURA DE CAPITAL _914746 |
||
| 650 |
_aCUENTAS POR COBRAR _94411 |
||
| 650 |
_aINVENTARIOS _91923 |
||
| 650 |
_aOPCIONES DE FINANCIAMIENTO _914747 |
||
| 942 | _cBK | ||
| 999 |
_c1850 _d1850 |
||